Govt. of
Madhya Pradesh

Mughal lano Revenue Apparatus (Record no. 64929)

MARC details
000 -LEADER
fixed length control field 00313nam a2200109Ia 4500
008 - FIXED-LENGTH DATA ELEMENTS--GENERAL INFORMATION
fixed length control field 221009s9999 xx 000 0 und d
082 ## - DEWEY DECIMAL CLASSIFICATION NUMBER
Classification number 954
100 ## - MAIN ENTRY--PERSONAL NAME
Personal name Grover Amrita,Chaudhary D.R. Anju grover,Dua Dr.J.C
9 (RLIN) 67049
245 #0 - TITLE STATEMENT
Title Mughal lano Revenue Apparatus
260 ## - PUBLICATION, DISTRIBUTION, ETC. (IMPRINT)
Name of publisher, distributor, etc. Collected works of professor
942 ## - ADDED ENTRY ELEMENTS (KOHA)
Koha item type Books

No items available.